تیڑھی لکیر / (Record no. 173050)

MARC details
000 -LEADER
fixed length control field 00646nam a22001937a 4500
005 - DATE AND TIME OF LATEST TRANSACTION
control field 20200218105649.0
010 ## - LCCN (DPL NO)
LC control number B-123046
020 ## - INTERNATIONAL STANDARD BOOK NUMBER
International Standard Book Number 8182231175
Terms of availability 120.00
035 ## - SYSTEM CONTROL NUMBER
System control number B-123046
037 ## - SOURCE OF ACQUISITION
Source of stock number/acquisition BPPD/Pub.
082 ## - DEWEY DECIMAL CLASSIFICATION NUMBER
Classification number 842
100 ## - MAIN ENTRY--PERSONAL NAME
Personal name منٹو، سعادت حسن
245 ## - TITLE STATEMENT
Title تیڑھی لکیر /
Statement of responsibility, etc سعادت حسن منٹو
246 ## - VARYING FORM OF TITLE
Title proper/short title Terhi Lakeer (Urdu) /
Remainder of title by Saadat Hasan Manto ; edited by Humayun Ashraf
260 ## - PUBLICATION, DISTRIBUTION, ETC. (IMPRINT)
Place of publication, distribution, etc Delhi
Name of publisher, distributor, etc Educational Publishing House
Date of publication, distribution, etc 2005 ء
270 ## - ADDRESS
Address 3108, Vakil Street, Kucha Pandit, Lal Kuan
City Delhi
Postal code 110006
300 ## - PHYSICAL DESCRIPTION
Extent 176p.
Dimensions 23cm(Hb)
942 ## - ADDED ENTRY ELEMENTS (KOHA)
Source of classification or shelving scheme Dewey Decimal Classification
Item type Urdu Bks
Call number suffix م ن ٹ
Classification part 842
Holdings
Withdrawn status Lost status Not for loan Collection code Home library Current library Date acquired Source of acquisition Cost, normal purchase price Full call number Barcode Copy number Cost, replacement price Koha item type
      Non-fiction Central Library Central Library 18/02/2020 BPPD/Ven. 120.00 842 م ن ٹ B-123046 1 120.00 Urdu Bks

© Delhi Public Library
Hit Counter
free hit counter